Electrospinning for advanced biomedical applications and therapies /

Bibliographic Details
Corporate Author: ebrary, Inc
Other Authors: Neves, Nuno M.
Format: eBook
Language:English
Published: Shawbury, Shrewsbury, Shropshire, U.K. : Smithers Rapra Technology, Ltd., 2012.
Subjects:
Online Access:Connect to the full text of this electronic book

MARC

Tag First Indicator Second Indicator Subfields
LEADER 00000cam a2200000Ia 4500
001 in00002781896
006 m d
007 cr cn|||||||||
008 121003s2012 enka ob 001 0 eng d
005 20250816212559.4
020 |z 9781847356000 
020 |z 9781847356024 
035 |a (CaPaEBR)ebr10604692 
035 |a (OCoLC)814705656 
040 |a CaPaEBR  |c CaPaEBR  |d UtOrBLW 
050 1 4 |a R857.M3  |b E443 2012eb 
245 0 0 |a Electrospinning for advanced biomedical applications and therapies /  |c editor: Nuno M. Neves. 
264 1 |a Shawbury, Shrewsbury, Shropshire, U.K. :  |b Smithers Rapra Technology, Ltd.,  |c 2012. 
300 |a 1 online resource (xvi, 320 pages) :  |b illustrations 
336 |a text  |b txt  |2 rdacontent 
337 |a computer  |b c  |2 rdamedia 
338 |a online resource  |b cr  |2 rdacarrier 
504 |a Includes bibliographical references and index. 
500 |a Electronic resource. 
650 0 |a Electrospinning. 
650 0 |a Biomedical materials. 
655 7 |a Electronic books.  |2 local 
700 1 |a Neves, Nuno M. 
710 2 |a ebrary, Inc. 
856 4 0 |u https://ebookcentral.proquest.com/lib/tamucs/detail.action?docID=1029597  |y Connect to the full text of this electronic book  |t 0 
980 |a 121102  |b 250  |c USD  |e 375  |f YBP_EBR0000045794  |g 1 
999 f f |s 484334f5-17cc-32ad-8b5a-965173178b1a  |i 46daaec5-2ad4-3821-90a0-e712aa64f65e  |t 0 
999 |a MARS 
952 f f |a Texas A&M University  |b College Station  |c Electronic Resources  |d Available Online  |t 0  |e R857.M3 E443 2012eb  |h Library of Congress classification 
998 f f |a R857.M3 E443 2012eb  |t 0  |l Available Online